00509nam a2200157Ia 4500008004100000041000800041082001700049100001700066245004500083250001400128260003400142300003200176365000700208999001700215952011900232240624s9999 xx 000 0 und d aeng a658.4092 KOU aKOUZES JAMES aLEADERSHIP CHALLENGE HOW TO MAKE EXTRAOR a(5th ed.) c2014aNew DelhibJossey- Bass axiii, : 394 : p. : cm. ; 23 cRS c24051d24051 00104070aIMTNbIMTNcRack 29-Bd2015-03-27g480.00o658.4092 KOUp24051r2024-06-24 00:00:00t1w2024-06-24yBK